000
00299nam a2200133Ia 4500
008
221030s9999 xx 000 0 und d
041
_a
English
082
_a
105.23
100
_a
P. S. Gill
245
2
_a
A TEXT Book of Graphic Statics
_c
by P. S. Gill
260
_c
0
650
_a
B
942
_c
BK
999
_c
12941
_d
12941